| 000 -LEADER |
| fixed length control field |
00554nam a2200217Ia 4500 |
| 001 - CONTROL NUMBER |
| control field |
12095 |
| 003 - CONTROL NUMBER IDENTIFIER |
| control field |
GE_BSU |
| 008 - FIXED-LENGTH DATA ELEMENTS--GENERAL INFORMATION |
| fixed length control field |
181216s||||||||xx |||||||||||||| ||und|| |
| 020 ## - INTERNATIONAL STANDARD BOOK NUMBER |
| International Standard Book Number |
9788120769212 |
| 040 ## - CATALOGING SOURCE |
| Transcribing agency |
GE_BSU |
| 080 ## - UNIVERSAL DECIMAL CLASSIFICATION NUMBER |
| Universal Decimal Classification number |
338.48 |
| 100 ## - MAIN ENTRY--PERSONAL NAME |
| Personal name |
Bhatia,A.K. |
| 245 #4 - TITLE STATEMENT |
| Title |
The Business of Travel Agency & Tour Operations Management. |
| 260 ## - PUBLICATION, DISTRIBUTION, ETC. |
| Name of publisher, distributor, etc. |
Sterling |
| 260 ## - PUBLICATION, DISTRIBUTION, ETC. |
| Date of publication, distribution, etc. |
2012 |
| 300 ## - PHYSICAL DESCRIPTION |
| Extent |
304p.24cm. |
| 300 ## - PHYSICAL DESCRIPTION |
| Accompanying material |
Bibliogr. p.245-300 |
| 653 ## - INDEX TERM--UNCONTROLLED |
| Uncontrolled term |
The Business of Travel Agency & Tour Operations Management. |
| 942 ## - ADDED ENTRY ELEMENTS (KOHA) |
| Koha item type |
წიგნი |